Pays qui possédaient Nicosie à travers l'histoire - Statistiques

Statistiques générales
  • Ce quiz a été pris 38 fois
  • Le résultat moyen est 6 sur 15
Statistiques - réponses
Période Pays % Correct
1960 - Aujourd'hui Chypre
92%
-1050 -/- 530 Cité-état de Ledrai
92%
1191 - 1489 Royaume latin de Chypre
92%
1571 - 1878 Empire Ottoman
89%
-27 - 395 Empire Romain
68%
395 - 1191 (Co-dominion à partir de 647 - 965) Empire Byzantin
43%
1878 - 1960 Colonie britannique de Chypre
41%
1974 - Aujourd'hui Chypre du Nord
38%
- 330 -/- 305 Royaume de Macédoine
35%
-530 -/- 330 Empire Perse Achéménide
19%
Co-dominion de 661 - 750 Califat Omeyyad
11%
Co-dominion de 750 - 965 Califat Abbasside
8%
1489 - 1571 République de Venise
8%
- 305 -/-27 Royaume Lagide (Ptolémée)
8%
Co-dominion de 647 - 661 Califat Rachidun
5%
Aucun quiz correspondant
Distribution des résultats
% des personnes avec chaque résultat
Percentile par nombre de réponses
Votre historique - résultats
Vous n’avez pas pris ce quiz